00938naa#a2200181#i#4500001004000000005001700040011001400057100004100071101000800112102000700120200018700127210019500314215001000509608004500519675010700564700006400671856002100735RU\FGKOU VO SPBU MVD ROSSII\bibl\11347520260701035058.3##a2071-8284##a20260630b2026####ek#y0rusy0150####ca0#aRUS##aRU1#aМесто и роль духовно-нравственного воспитания в политико-воспитательной работеeЖурнальная статья1#aСанкт-ПетербургcСАНКТ-ПЕТЕРБУРГСКИЙ УНИВЕРСИТЕТ МИНИСТЕРСТВА ВНУТРЕННИХ ДЕЛ РОССИЙСКОЙ ФЕДЕРАЦИИd2026##a8 с.##aЖурнальная статья2local##aМетодические принципы отдельных теорий и систем. 37.022zRUS#1aИлакавичусgМарина Римантасовна4#avestnikspbmvd.ru